Responses for show #2707 - Tuesday, May 14, 1996

1996 Teen Tournament semifinal game 2.

Contestants

Anthony Chiu, a sophomore from Louisville, Kentucky

Peter Friedman, a senior from Marlboro, New Jersey

Amanda Goad, a junior from Richmond, Virginia

Jeopardy! Round responses

THE REVOLUTIONARY WAR
OCCUPATIONS
LEAD SINGERS
THE OLYMPICS
PLANTS
THE "EX" FILES
(Alex: Those 2 letters of the alphabet will begin each correct response.)
    $100 11
Betsy Ross

Peter
    $100 21
barber

Peter
    $100 4
The Rolling Stones

Anthony
    $100 25
tennis

Amanda
    $100 1
mistletoe

Amanda
    $100 9
exit

Anthony
    $200 12
Cornwallis

Anthony
    $200 24
a teller

Amanda
    $200 5
Pearl Jam

Amanda
    $200 26
(Oksana) Baiul

Peter
    $200 2
chlorophyll

Amanda
    $200 17
exhale

Peter
    $300 13
the minutemen

Amanda
    $300 23
an editor

Peter
    $300 6
Alice in Chains

Triple Stumper
    $300 27
basketball

Amanda
    $300 3
thorns

Peter
    $300 18
your excellency

Amanda
    $400 14
a submarine

Anthony
    $400 22
maitre d'

Peter
    $400 7
Smashing Pumpkins

Amanda
    $500 15
Norway

Anthony
    $400 28
cypress

Amanda
    $400 19
Executive Mansion

Anthony
    $500 10
(John) Andre

Amanda
    $500 20
pharmacist

Amanda
    $500 8
The Cranberries

Peter
    $500 16
(Amanda: What is bobsled?)

the luge

AmandaPeter
    $500 29
moss

Amanda
    $500 30
an exclamation point

Peter

Scores at the first commercial break (after clue 16):

Amanda Peter Anthony
$1,200 $1,400 $1,300

Scores at the end of the Jeopardy! Round:

Amanda Peter Anthony
$3,500 $3,100 $1,700

Double Jeopardy! Round responses

COLORS
SOUTH AMERICA
MODERN HISTORY
CHILDREN'S LITERATURE
SCIENTISTS
PROVERBS
    $200 16
yellow

Amanda
    $200 20
Brazil

Anthony
    $200 9
an atomic bomb

Peter
    $200 22
The Emperor's New Clothes

Anthony
    $200 7
Einstein

Amanda
    $200 30
the wise

Peter
    $400 17
a redneck

Amanda
    $400 3
Magellan

Anthony
    $400 10
Elizabeth II

Amanda
    $400 25
Rumpelstiltskin

Peter
    $400 8
Darwin

Peter
    $400 29
a way

Peter
    $600 15
mummies

Amanda
    $600 1
Santiago

Peter
    $600 11
the Titanic

Anthony
    $600 24
medicine

Anthony
    $1,500 5
Pavlov

Anthony
    $600 28
blind

Peter
    $800 18
purple

Amanda
    $1,500 2
Venezuela

Peter
    $800 14
(Amanda: What is Orthodox Christianity?)

Islam

AmandaAnthony
    $800 23
Robin Hood

Peter
    $800 6
(Stephen) Hawking

Amanda
    $800 27
dirty laundry

Peter
    $1000 19
(Peter: What is a white lie?)
(Alex: Pardon?)
(Peter: What is a white lie?)

tattletale gray

Peter
Triple Stumper
    $1000 4
the tapir

Triple Stumper
    $1000 12
the Branch Davidians

Amanda
    $1000 21
Black Beauty

Amanda
    $1000 13
(Johannes) Kepler

Amanda
    $1000 26
speak ill

Amanda

Scores at the end of the Double Jeopardy! Round:

Amanda Peter Anthony
$10,100 $8,000 $6,000

[wagering suggestions for these scores]

Final Jeopardy! Round responses

U.S. PRESIDENTS
(Alex: Unfortunately, Peter, we cannot accept that in the Final; there are two Harrisons who were president of the United States; you were not specific; you forgot about William Henry, I suppose.)
AnthonyWho is Benjamin Harrison?
$6,000
PeterWho is was Harrison
$8,000
AmandaWho was Benjamin Harrison?
$5,901
Benjamin Harrison

Final scores:

Amanda Peter Anthony
$16,001 $0 $12,000
Finalist 3rd place: $5,000 2nd place: $5,000

Game dynamics:

Coryat scores:

Amanda Peter Anthony
$10,100 $7,300 $5,000
24 R,
2 W
20 R
(including 1 DD),
1 W
13 R
(including 2 DDs),
0 W

Combined Coryat: $22,400

The J! Archive is created by fans, for fans. The Jeopardy! game show and all elements thereof, including but not limited to copyright and trademark thereto, are the property of Jeopardy Productions, Inc. and are protected under law. This website is not affiliated with, sponsored by, or operated by Jeopardy Productions, Inc. Join the discussion at JBoard.tv.